000 00578 a2200169 4500
999 _c5605
_d5605
020 _a9780393337655
050 _aRA 643.8 PIS 2008
100 _aPisani, Elizabeth
_eAuthor
245 _aThe wisdom of whores:
_bbureaucrats, brothels and business of AIDS/
_cElizabeth Pisani
264 _aNew York:
_bW.W. Norton and Company,
_c2008
300 _axvii, 372p.
440 _aA library journal best consumer health book of 2008
500 _aIncludes index
650 _aAIDS (Disease)--Social aspects
650 _aAIDS (Disease)--Prevention
942 _2lcc
_cBK
_h643.8
_iPIS
_kRA